Witamy w Bibliotece Naukowej Instytutu Łączności!

Określenie wybranych parametrów atmosfery na podstawie permanentnych obserwacji GPS i ich wpływ na dokładność opracowań pomiarów satelitarnych / (Rekord nr 15876)

000 -LEADER
fixed length control field 00468 a2200109 4500
020 ## - INTERNATIONAL STANDARD BOOK NUMBER
International Standard Book Number 8388442295
100 1# - MAIN ENTRY--PERSONAL NAME
Personal name Figurski, Mariusz.
Relator term Autor
245 0# - TITLE STATEMENT
Title Określenie wybranych parametrów atmosfery na podstawie permanentnych obserwacji GPS i ich wpływ na dokładność opracowań pomiarów satelitarnych /
Statement of responsibility, etc Figurski Mariusz.
260 ## - PUBLICATION, DISTRIBUTION, ETC. (IMPRINT)
Place of publication, distribution, etc Warszawa :
Name of publisher, distributor, etc BEL Studio Sp.z o.o.,
Date of publication, distribution, etc 2001.
300 ## - PHYSICAL DESCRIPTION
Extent 156 s.:
Other physical details il.;
Dimensions 23 cm.
710 2# - ADDED ENTRY--CORPORATE NAME
Corporate name or jurisdiction name as entry element BEL Studio Sp.z o.o..
Relator term Wydawca
Relator code pbl
920 ## -
-- 83-88442-29-5
Egzemplarze
Withdrawn status Lost status Source of classification or shelving scheme Damaged status Not for loan Permanent Location Current Location Shelving location Date acquired Cost, normal purchase price Inventory number Full call number Barcode Date last seen Price effective from Koha item type
          Instytut Łączności Instytut Łączności Magazyn 2004-10-18 0.00 S-10284 S-10284 S-10284 2017-11-30 2017-11-30 Książki

Działa dzięki Koha